00470nam a22001697a 450000500170000001000140001702000250003103500130005603700130006908200080008210000190009024500730010926000380018227000460022030000220026665000120028820100806130130.0 aENG-98631 a9788190795517c60.00 aEN-82163 bDBAD/PUB a591 aSrinivasan, K. aZoology :bgenetics and evolution general topics /cby K. Srinivasan aErodebPallavi Publicationsc2008 a194, Kann Complex, Mattur RoadbErodee11 a134p.c20cm (pbk) aZoology